000 00518nam a22001817a 4500
005 20241118130639.0
008 241118b |||||||| |||| 00| 0 eng d
020 _a9780409029444
041 _aEnglish
082 _a346.7 REI
100 _lEnglish
245 _aGeneral Principles of Insurance Law /
_cMFB Reinecke et al.
250 _aFirst Edition
260 _aDurban:
_bLexisNexis,
_c2002
300 _b524 pages;
_c26 cm.
650 _aLegal practice
_bLaw
942 _cBK
_6ALISON_BN_VRIES
999 _c3243
_d3243